书目信息 |
| 题名: |
天下黄河
|
|
| 作者: | 薛小荣 编著 | |
| 分册: | ||
| 出版信息: | 上海 上海科学技术文献出版社 2009.04 |
|
| 页数: | 148页 | |
| 开本: | 24cm | |
| 丛书名: | 旅游人文 | |
| 单 册: | ||
| 中图分类: | K292 | |
| 科图分类: | ||
| 主题词: | 黄河流域--文化史 | |
| 电子资源: | ||
| ISBN: | 978-7-5439-3941-7 | |
| 000 | 00895nam 2200265 450 | |
| 001 | 012010610605 | |
| 005 | 20100630154035.34 | |
| 009 | 012004351250 | |
| 010 | @a978-7-5439-3941-7@dCNY29.00 | |
| 100 | @a20100515d2009 em y0chiy0110 ea | |
| 101 | 0 | @achi |
| 102 | @aCN@b310000 | |
| 105 | @aa z 000yy | |
| 200 | 1 | @a天下黄河@Atian xia huang he@e黄河的人文历史@f薛小荣编著 |
| 210 | @a上海@c上海科学技术文献出版社@d2009.04 | |
| 215 | @a148页@c图@d24cm | |
| 225 | 2 | @a旅游人文 |
| 330 | @a本书上篇:大河上下,讲述了历代以来对黄河河源的探索求知、傍水而居的华夏先民的争斗融合,以及今人治理水患战天半地的坚韧抗争。下篇:黄河摇篮,讲述了黄河孕育了中华文明。 | |
| 410 | 0 | @12001 @a旅游人文 |
| 517 | 1 | @a黄河的人文历史@Ahuang he de ren wen li shi |
| 606 | 0 | @a黄河流域@x文化史 |
| 690 | @aK292@v4 | |
| 701 | 0 | @a薛小荣@Axue xiao rong@4编著 |
| 801 | 0 | @aCN@c20100515 |
| 905 | @dK292@eX969@f3 | |
| 天下黄河:黄河的人文历史/薛小荣编著.-上海:上海科学技术文献出版社,2009.04 |
| 148页:图;24cm.-(旅游人文) |
| ISBN 978-7-5439-3941-7:CNY29.00 |
| 本书上篇:大河上下,讲述了历代以来对黄河河源的探索求知、傍水而居的华夏先民的争斗融合,以及今人治理水患战天半地的坚韧抗争。下篇:黄河摇篮,讲述了黄河孕育了中华文明。 |
| ● |
| 相关链接 |
|
|
|
正题名:天下黄河
索取号:K292/X969
 
预约/预借
| 序号 | 登录号 | 条形码 | 馆藏地/架位号 | 状态 | 备注 |